Capitais da América do Norte, Central e Caribe - Statistics

Estatísticas Gerais
  • Esse quiz foi jogado 6 266 vezes
  • A pontuação média é 15 de 23
Estatísticas das Respostas
Hint Resposta % Correto
Estados Unidos Washington
92%
México Cidade do México
91%
Cuba Havana
89%
Canadá Ottawa
88%
Panamá Cidade do Panamá
79%
El Salvador San Salvador
79%
Jamaica Kingston
73%
Costa Rica San José
72%
Guatemala Cidade da Guatemala
71%
Haiti Port-au-Prince
71%
Nicarágua Manágua
70%
Bahamas Nassau
65%
República Dominicana Santo Domingo
64%
Honduras Tegucigalpa
59%
Belize Belmopan
57%
São Vicente e Granadinas Kingstown
51%
Trinidad e Tobago Port of Spain
51%
Antígua e Barbuda Saint John's
51%
Barbados Bridgetown
48%
Granada Saint George's
44%
Dominica Roseau
43%
Santa Lúcia Castries
41%
São Cristóvão e Neves Basseterre
38%
Nenhum quiz correspondente encontrado
Distribuição das Pontuações
Porcentagem de Pessoas com Cada Pontuação
Percentil de Números Respondidos
Sua Pontuação Histórica
Você não jogou esse quiz